| 000 | 00432nam a2200157 a 4500 | ||
|---|---|---|---|
| 001 | 000016255 | ||
| 003 | OSt | ||
| 005 | 20201125130904.0 | ||
| 008 | 100302s1977 dr 000 0 spa d | ||
| 040 |
_aDO-SdBNP _bspa _cBNPHU |
||
| 082 | _bO68v | ||
| 245 | 0 | 0 | _aOrganizaciones voluntarias de acción social. |
| 260 |
_aSanto Domingo : _bFundación Dominicana de Desarrollo, _c[1977]. |
||
| 300 |
_a92 p. ; _c22 cm. |
||
| 942 |
_2ddc _cLBS1 |
||
| 999 |
_c15792 _d15792 |
||